Origen de las dignidades seglares de Castilla y Leon (Record no. 5249)

MARC details
000 -LEADER
campo de control de longitud fija 01208npm a2200265 i 4500
001 - NÚMERO DE CONTROL
campo de control 5249
003 - IDENTIFICADOR DE NÚMERO DE CONTROL
campo de control ES-MaACL
005 - FECHA Y HORA DE LA ÚLTIMA TRANSACCIÓN
campo de control 20250811063128.0
007 - CAMPO FIJO DE DESCRIPCIÓN FÍSICA--INFORMACIÓN GENERAL
campo de control de longitud fija hzrazu bucu
008 - DATOS DE LONGITUD FIJA--INFORMACIÓN GENERAL
campo de control de longitud fija 900426r19901657sp a 00010 spa d
080 ## - NÚMERO DE LA CLASIFICACIÓN DECIMAL UNIVERSAL
Número de la Clasificación Decimal Universal 9(46)"--/16"
080 ## - NÚMERO DE LA CLASIFICACIÓN DECIMAL UNIVERSAL
Número de la Clasificación Decimal Universal 929.7(46)
080 ## - NÚMERO DE LA CLASIFICACIÓN DECIMAL UNIVERSAL
Número de la Clasificación Decimal Universal 394.012(46)
100 1# - ENTRADA PRINCIPAL--NOMBRE DE PERSONA
Nombre de persona Salazar de Mendoza, Pedro,
Fechas asociadas al nombre 1549-1629
9 (RLIN) 132322
245 10 - MENCIÓN DEL TÍTULO
Título Origen de las dignidades seglares de Castilla y Leon
Resto del título : [Microforma] : con relacion sumaria de los Reyes de estos Reynos... con un resumen al fin de las mercedes que su Magestad ha hecho de Marqueses y Condes desde el año 1621 hasta el fin de 1656... /
Mención de responsabilidad, etc. por Salazar de Mendoza.
260 ## - PUBLICACIÓN, DISTRIBUCIÓN, ETC.
Lugar de publicación, distribución, etc. Madrid :
Nombre del editor, distribuidor, etc. Ateneo Cientifico, Literario y Artistico,
Fecha de publicación, distribución, etc. 1990.
300 ## - DESCRIPCIÓN FÍSICA
Extensión 1 carrete de microfilme :
Otras características físicas negativo ;
Dimensiones 16 mm.
500 ## - NOTA GENERAL
Nota general Publicado originalmente: Madrid, Imp. Real, 1657. encuadernado con: Origen de la dignidad de Grande de Castilla... / por Alonso Carrillo.
650 14 - PUNTO DE ACCESO ADICIONAL DE MATERIA--TÉRMINO DE MATERIA
Término de materia o nombre geográfico como elemento de entrada Obras anteriores a 1800.
9 (RLIN) 15661
700 1# - ENTRADA AGREGADA--NOMBRE PERSONAL
Nombre de persona Carrillo, Alonso (abogado)
9 (RLIN) 151866
740 0# - ENTRADA AGREGADA--TÍTULO RELACIONADO/ANALÍTICO NO CONTROLADO
Título relacionado o analítico no controlado Origen de la dignidad de Grande de Castilla.
852 ## - LOCALIZACIÓN
Ubicación ES-MaACL
Número de control de estantería MC-381
itemnumber 5366
942 ## - ELEMENTOS DE ENTRADA SECUNDARIOS (KOHA)
Fuente del sistema de clasificación o colocación Clasificación decimal universal
Tipo de ítem Koha Microforma
Holdings
Estatus retirado Estado de pérdida Fuente del sistema de clasificación o colocación Estado de daño No para préstamo Colección Biblioteca de origen Biblioteca actual Ubicación en estantería Fecha de adquisición Total de préstamos Signatura topográfica completa Código de barras Visto por última vez Precio de reemplazo Tipo de ítem Koha
    Clasificación decimal universal     Libros del s. XVII Biblioteca del Ateneo de Madrid Biblioteca del Ateneo de Madrid Depósito 1 17/01/2008   MC-381 1005312 23/02/2023 23/02/2023 Microforma